000 00830cam a22002773a 4500
001 38674
003 PGUSA
005 20140828083843.0
008 120125s2012||||xxu|||||s|||||000 1 eng d
040 _aPGUSA
_beng
042 _adc
050 4 _aPQ
100 1 _aVerne, Jules,
_d1828-1905
245 1 0 _aDe la terre à la lune :
_btrajet direct en 97 heures 20 minutes
_h[electronic resource] /
_cJules Verne
260 _bProject Gutenberg,
_c2012
506 _aPublic domain in the USA.
516 _aElectronic text
653 _aManned space flight -- Fiction
653 _aMoon -- Fiction
653 _aScience fiction
653 _aSpace ships -- Fiction
653 _aSpace flight to the moon -- Fiction
830 0 _aProject Gutenberg
_v38674
856 4 0 _uhttp://www.gutenberg.org/ebooks/38674
942 _cEB
999 _c267928
_d267928